000 00809nam0a22002531 4500
001 rc\3919732
005 20250610125621.0
021 _aRU
_b[49-38774]
035 _a(NLR Aleph) 007912842
090 _a8108362
_c8108362
100 _a20130415d1949 |||y0rusy50 ca
101 0 _arus
102 _aRU
105 _ay z |||a|
200 1 _aНа переднем крае
_eСтихи
210 _a[Сталино]
_cСталинское обл. изд-во
_d1949
_gСталинская обл. тип.
215 _a48 с.
_d14
300 _aПеред загл. авт.: Степан Бугорков
700 1 _aБугорков
_bС.С.
_f1920-
_gСтепан Степанович
801 0 _aRU
_bNLR
_gpsbo
801 1 _aRU
_bELAR
_2rusmarc
852 _aNLR
_jЛ30 Г-2/2150
942 _cBOOK
980 _aNB